[Event "POL-ch U15 Qual"]
[Site "Jastrzebia Gora"]
[Date "2021.11.20"]
[Round "8"]
[White "Walendykiewicz, Martyna"]
[Black "Kicinska, Magdalena"]
[Result "0-1"]
[WhiteElo "1209"]
[BlackElo "1362"]
[PlyCount "84"]
[EventDate "2021.11.15"]
[EventType "swiss"]
[EventRounds "9"]
[EventCountry "POL"]
[SourceTitle "EXT 2023"]
[Source "ChessBase"]
[SourceDate "2022.10.05"]
[SourceVersion "1"]
[SourceVersionDate "2022.10.05"]
[SourceQuality "1"]

1. e4 c6 2. d4 d5 3. Nc3 dxe4 4. Nxe4 Bf5 5. Ng5 e6 6. Bc4 Nf6 7. c3 Nd5 8. Qe2 Be7 9. N5f3 0-0 10. Bxd5 Qxd5 11. Qe5 Nd7 12. Qxd5 cxd5 13. Bf4 Nb6 14. b3 Rfc8 15. Bd2 a5 16. Ne2 a4 17. 0-0 Bd3 18. Rae1 axb3 19. axb3 Ra3 20. Ne5 Ba6 21. f3 Ra2 22. Bf4 Rxe2 23. Rxe2 Bxe2 24. Re1 Bb5 25. Rc1 Nd7 26. Nxd7 Bxd7 27. Kf1 Bb5+ 28. Ke1 Bd3 29. Kd2 Bf5 30. Ra1 g5 31. Be3 h6 32. Ra7 Bd6 33. g4 Bg6 34. Rxb7 Ra8 35. b4 Ra2+ 36. Kd1 Bc2+ 37. Ke1 Bd3 38. Kd1 Bxh2 39. b5 Rc2 40. Bd2 Rb2 41. Bc1 Be2+ 42. Ke1 Bg3# 0-1

[Event "POL-ch U15 Qual"]
[Site "Jastrzebia Gora"]
[Date "2021.11.16"]
[Round "2"]
[White "Grembocka, Zuzanna"]
[Black "Kicinska, Magdalena"]
[Result "0-1"]
[WhiteElo "1186"]
[BlackElo "1362"]
[PlyCount "164"]
[EventDate "2021.11.15"]
[EventType "swiss"]
[EventRounds "9"]
[EventCountry "POL"]
[SourceTitle "EXT 2023"]
[Source "ChessBase"]
[SourceDate "2022.10.05"]
[SourceVersion "1"]
[SourceVersionDate "2022.10.05"]
[SourceQuality "1"]

1. d4 d5 2. c4 e6 3. Nc3 Nf6 4. Nf3 Nbd7 5. Bg5 Be7 6. e3 c6 7. Qc2 0-0 8. Bd3 dxc4 9. Bxc4 Nd5 10. Bxe7 Qxe7 11. 0-0 N7f6 12. Qd2 Rd8 13. Rad1 Nxc3 14. bxc3 c5 15. Rfe1 b6 16. e4 Bb7 17. d5 exd5 18. exd5 Qd6 19. Re5 a6 20. Qg5 b5 21. Nh4 bxc4 22. Nf5 Qf8 23. d6 Kh8 24. h4 Ne4 25. Qe7 Qxe7 26. Rxe7 Bc6 27. Rc7 Rac8 28. Rxf7 Rf8 29. d7 Bxd7 30. Rdxd7 Rxf7 31. Rxf7 Nxc3 32. Ne3 Kg8 33. Ra7 Nxa2 34. Nxc4 Nb4 35. Kf1 Re8 36. Nd6 Rd8 37. Nf5 g6 38. Rc7 Re8 39. Nd6 Re6 40. Nc4 Rc6 41. Rd7 Rf6 42. g3 Rf7 43. Rd6 Kg7 44. f4 Ra7 45. Ke2 a5 46. Kd2 a4 47. Na3 Kf7 48. Kc3 Ke7 49. Rd2 Ke6 50. g4 Nd5+ 51. Kc4 Nxf4 52. Kxc5 Rd7 53. Rxd7 Kxd7 54. Kb4 Nd5+ 55. Kxa4 Ne3 56. Nb1 Nxg4 57. Nd2 Ke6 58. Kb3 Kf5 59. Kc3 Nf6 60. Kd3 Kg4 61. Ke3 Kxh4 62. Nf3+ Kg4 63. Ne5+ Kf5 64. Nf7 g5 65. Kf3 g4+ 66. Kg3 h5 67. Kh4 Kf4 68. Ng5 Ne4 69. Ne6+ Kf3 70. Nd4+ Kf2 71. Nf5 g3 72. Nxg3 Nxg3 73. Kh3 Kf3 74. Kh4 Kg2 75. Kg5 Kh3 76. Kf4 h4 77. Kf3 Nh5 78. Kf2 Kg4 79. Kg2 Nf6 80. Kh2 h3 81. Kg1 Kg3 82. Kh1 Ne4 0-1

[Event "POL-ch U14 Girls"]
[Site "Uniejow"]
[Date "2021.07.20"]
[Round "2"]
[White "Kicinska, Magdalena"]
[Black "Bromirska, Roksana"]
[Result "1/2-1/2"]
[WhiteElo "1315"]
[BlackElo "1088"]
[PlyCount "60"]
[EventDate "2021.07.18"]
[EventType "swiss"]
[EventRounds "9"]
[EventCountry "POL"]
[SourceTitle "EXT 2022"]
[Source "ChessBase"]
[SourceDate "2021.10.06"]
[SourceVersion "1"]
[SourceVersionDate "2021.10.06"]
[SourceQuality "1"]

1. d4 d5 2. Nf3 Nc6 3. c3 Bg4 4. Bf4 Nf6 5. Nbd2 e6 6. e3 a6 7. Bd3 Bd6 8. Bg3 0-0 9. Qc2 h6 10. Ne5 Bxe5 11. Bxe5 Re8 12. h3 Bf5 13. Bxf5 exf5 14. Qxf5 Nxe5 15. dxe5 Nd7 16. Nf3 Qe7 17. Rd1 c6 18. c4 Nxe5 19. Nxe5 Qxe5 20. Qxe5 Rxe5 21. cxd5 Rxd5 22. Rxd5 cxd5 23. 0-0 Rc8 24. f4 Rc2 25. Rf2 Rc1+ 26. Rf1 Rc2 27. Rf2 Rc1+ 28. Rf1 Rc2 29. Rf2 Rc1+ 30. Rf1 Rc2 1/2-1/2